Sổ tay luật sư T.3

Trình bày những kỹ năng cơ bản của luật sư khi tham gia bào chữa, bảo vệ quyền và lợi ích hợp pháp cho khách hàng trong lĩnh vực đầu tư, kinh doanh và thương mại

Wedi'i Gadw mewn:
Manylion Llyfryddiaeth
Prif Awdur: Nhiều tác giả
Awduron Eraill: Trương, Nhật Quang
Fformat: Llyfr
Iaith:Undetermined
Cyhoeddwyd: H. Chính trị Quốc gia Sự thật 2019
Pynciau:
Mynediad Ar-lein:http://lrc.tdmu.edu.vn/opac/search/detail.asp?aID=2&ID=39751
Tagiau: Ychwanegu Tag
Dim Tagiau, Byddwch y cyntaf i dagio'r cofnod hwn!
Thư viện lưu trữ: Trung tâm Học liệu Trường Đại học Thủ Dầu Một
LEADER 01305nam a2200241Ia 4500
001 TDMU_39751
008 210410s9999 xx 000 0 und d
082 |a 959.7 
090 |b S450 
100 |a Nhiều tác giả 
245 0 |a Sổ tay luật sư 
245 0 |c Trương Nhật Quang...[và những người khác] 
245 0 |n T.3 
245 0 |p Kỹ năng hành nghề luật sư tư vấn trong lĩnh vực đầu tư, kinh doanh, thương mại 
260 |a H. 
260 |b Chính trị Quốc gia Sự thật 
260 |c 2019 
300 |a 479tr. 
520 |a Trình bày những kỹ năng cơ bản của luật sư khi tham gia bào chữa, bảo vệ quyền và lợi ích hợp pháp cho khách hàng trong lĩnh vực đầu tư, kinh doanh và thương mại 
650 |a Nghề luật sư  |x Lĩnh vực đầu tư  |x Tư vấn  |v Sổ tay; Nghề luật sư  |x Lĩnh vực kinh doanh  |x Tư vấn  |v Sổ tay; Nghề luật sư  |x Lĩnh vực thương mại  |x Tư vấn  |v Sổ tay 
700 |a Trương, Nhật Quang 
856 |u http://lrc.tdmu.edu.vn/opac/search/detail.asp?aID=2&ID=39751 
980 |a Trung tâm Học liệu Trường Đại học Thủ Dầu Một